MARC

LEADER 00000nam0a2200000 4500
001 209789
005 20231101225552.0
035 |a (RuTPU)RU\TPU\book\229137 
090 |a 209789 
100 |a 20120216d1970 km y0rusy50 ca 
101 1 |a rus  |c fre 
102 |a RU 
105 |a a z 001zy 
200 1 |a Выращивание монокристаллов  |e сборник статей  |e пер. с фр.  |f под ред. Ж. П. Сюше 
210 |a Москва  |c Металлургия  |d 1970 
215 |a 172 с.  |c ил. 
320 |a Библиография в конце статей 
606 1 |a Монокристаллы  |x Выращивание  |2 stltpush  |3 (RuTPU)RU\TPU\subj\80326  |9 88051 
610 1 |a кристаллы 
610 1 |a молекулярные механизмы 
610 1 |a растворы 
610 1 |a диффузия 
610 1 |a корунд 
610 1 |a рубины 
610 1 |a гидротермальный рост 
610 1 |a метод вытягивания 
610 1 |a высокие температуры 
610 1 |a лазерные кристаллы 
610 1 |a получение 
610 1 |a проблемы 
610 1 |a синтез 
610 1 |a газовые фазы 
610 1 |a перенос 
610 1 |a окиси вольфрама 
675 |a 548.55  |v 3 
702 1 |a Сюше  |b Ж. П.  |4 340 
801 1 |a RU  |b 63413507  |c 20120216 
801 2 |a RU  |b 63413507  |c 20200824  |g RCR 
942 |c BK